Ancillary physics: (Record no. 40758)

MARC details
000 -LEADER
fixed length control field 00919nam a22002174a 4500
005 - DATE AND TIME OF LATEST TRANSACTION
control field 20081128140742.0
010 ## - LCCN (DPL NO)
LC control number ENG-99299
020 ## - INTERNATIONAL STANDARD BOOK NUMBER
Terms of availability 50.00
International Standard Book Number 9788190732185(v.2)
035 ## - SYSTEM CONTROL NUMBER
System control number EN-82831
037 ## - SOURCE OF ACQUISITION
Source of stock number/acquisition DBAD/PUB
082 ## - DEWEY DECIMAL CLASSIFICATION NUMBER
Classification number 530
100 ## - MAIN ENTRY--PERSONAL NAME
Personal name Harikrishnan, S.
245 ## - TITLE STATEMENT
Title Ancillary physics:
Statement of responsibility, etc by S. Harikrishnan
Remainder of title (for UG level) /
260 ## - PUBLICATION, DISTRIBUTION, ETC. (IMPRINT)
Place of publication, distribution, etc Agasteeswaram
Name of publisher, distributor, etc Kamaraj Pathipagam
Date of publication, distribution, etc 2008
270 ## - ADDRESS
Address 14/135, Kamaraj Street
Postal code 629701
300 ## - PHYSICAL DESCRIPTION
Extent V.1 75 p.
Dimensions 26 cm (Pbk)
500 ## - GENERAL NOTE
General note Includes bibliographical references
650 ## - SUBJECT ADDED ENTRY--TOPICAL TERM
Topical term or geographic name as entry element Physics.
942 ## - ADDED ENTRY ELEMENTS (KOHA)
Source of classification or shelving scheme Dewey Decimal Classification
Item type English Books
Call number suffix HAR
Classification part 530
Holdings
Withdrawn status Lost status Not for loan Home library Current library Date acquired Cost, normal purchase price Full call number Barcode Copy number Cost, replacement price Koha item type
    Not For Loan D.B.Act.Division D.B.Act.Division 10/08/2010 50.00 530 HAR EN-82831 1 50.00 English Books

© Delhi Public Library
Hit Counter
free hit counter